000
00306nam a22001457a 4500
003
SGT
082
_a
510,SIN
100
_a
SINGH,BHUPENDRA
245
_a
NUMERICAL ANALYSIS
250
_a
1ST
260
_a
MEERUT
_b
PRAGATI PRAKASHAN
_c
2016
300
_a
584
650
_a
MATHEMATICS
942
_2
ddc
_c
FPS
_0
8
999
_c
10028
_d
10028